Android sensor programming by example : (Record no. 7969)

MARC details
000 -LEADER
fixed length control field 00732nam a22002177a 4500
003 - CONTROL NUMBER IDENTIFIER
control field OSt
005 - DATE AND TIME OF LATEST TRANSACTION
control field 20220810111030.0
008 - FIXED-LENGTH DATA ELEMENTS--GENERAL INFORMATION
fixed length control field 220810b ||||| |||| 00| 0 eng d
020 ## - INTERNATIONAL STANDARD BOOK NUMBER
International Standard Book Number 9781785285509
040 ## - CATALOGING SOURCE
Transcribing agency DDC
082 ## - DEWEY DECIMAL CLASSIFICATION NUMBER
Classification number 681.2 NAG 2016
100 ## - MAIN ENTRY--PERSONAL NAME
Personal name Nagpal, Varun
9 (RLIN) 16185
245 ## - TITLE STATEMENT
Title Android sensor programming by example :
Remainder of title Take your Android applications to the next level of interactivity by exploring the wide variety of Android sensors
260 ## - PUBLICATION, DISTRIBUTION, ETC. (IMPRINT)
Place of publication, distribution, etc. Birmingham, UK :
Name of publisher, distributor, etc. Packt Publishing,
Date of publication, distribution, etc. 2016
300 ## - PHYSICAL DESCRIPTION
Extent 181p.;
Dimensions 24,
504 ## - BIBLIOGRAPHY, ETC. NOTE
Bibliography, etc Index Included.
650 ## - SUBJECT ADDED ENTRY--TOPICAL TERM
Topical term or geographic name as entry element Application software -- Programming
9 (RLIN) 16186
650 ## - SUBJECT ADDED ENTRY--TOPICAL TERM
Source of heading or term Mobile apps
650 ## - SUBJECT ADDED ENTRY--TOPICAL TERM
Topical term or geographic name as entry element Android (Electronic resource)
9 (RLIN) 14231
942 ## - ADDED ENTRY ELEMENTS (KOHA)
Source of classification or shelving scheme Dewey Decimal Classification
Koha item type Book
Holdings
Withdrawn status Lost status Source of classification or shelving scheme Damaged status Not for loan Home library Current library Date acquired Source of acquisition Inventory number Total Checkouts Full call number Barcode Date last seen Price effective from Koha item type Checked out Date last checked out
    Dewey Decimal Classification     MUST Main Library MUST Main Library 10/08/2022 Purchase 22/41928   681.2 NAG 2016 2022-7843 10/08/2022 10/08/2022 Book    
    Dewey Decimal Classification     MUST Main Library MUST Main Library 10/08/2022 Purchase 22/41929 1 681.2 NAG 2016 2022-7844 30/08/2022 10/08/2022 Book 30/08/2022 30/08/2022